000 00290nam a22001337a 4500
008 170126b xxu||||| |||| 00| 0 eng d
020 _a0721616666
041 _aeng
080 _a61
100 _a3
101 _aSHM
245 _aCECIL TEXTBOOK OF MEDICINE
_cBEESON, P.B
942 _2udc
_cBK
999 _c3824
_d3824